Responses for show #8239 - Thursday, September 17, 2020

Contestants

[<< previous game]

Beth Gunter, an attorney from Los Angeles, California

Joe Velasco, a student from La Mirada, California

David Ferrara, a Realtor from Los Angeles, California (whose 1-day cash winnings total $4,977)

[next game >>]

Jeopardy! Round responses

A SHRUBBERY!
WORD WORDS
DAILY READING
U.S. SENATOR RHYME TIME
AREN'T YOU...
DISCOUNT CEOs?
    $200 1
a gooseberry

Joe
    $200 6
analogy

Beth
    $200 11
the Super Bowl

David
    $200 15
Mitch's pitches

David
    $200 13
(Daniel) Radcliffe

Joe
    $200 20
Whole Foods

Joe
    $400 2
a bush

Joe
    $400 7
a dialect

Beth
    $400 12
Freaky Friday

Joe
    $400 19
Cory's stories

Joe
    $400 14
(Amy) Adams

Joe
    $400 21
$1.00

David
    $600 3
a huckleberry

David
    $600 8
off the cuff

Beth
    $600 16
Saturday Night

David
    $600 28
Ted's meds

Joe
    $600 25
(Javier) Bardem

Joe
    $600 22
Elon Musk

Beth
    $800 4
henna

Beth
    $800 9
a soliloquy

Joe
    $800 17
Dr. Seuss

Triple Stumper
    $800 29
King's strings

Triple Stumper
    $800 26
Michael Cera

Beth
    $2,000 23
Square

Beth
    $1000 5
honeysuckle

David
    $1000 10
a slip of the tongue

David
    $1000 18
Breakfast of Champions

Triple Stumper
    $1000 30
Brown's crowns

Beth
    $1000 27
Zooey Deschanel

Beth
    $1000 24
Hewlett-Packard

David

Scores at the first commercial break (after clue 15):

David Joe Beth
$3,000 $2,400 $2,000

Scores at the end of the Jeopardy! Round:

David Joe Beth
$5,000 $4,200 $7,400

Double Jeopardy! Round responses

FAMOUS NAMES
SCIENCE & NATURE
ONE-LETTER GEOGRAPHY
FILM COMPOSITION
THE 18th CENTURY
STARTS & ENDS WITH "E"
    $400 19
Colonel Sanders

David
    $400 18
a clam

David
    $400 12
Oregon

David
    $400 4
Chopin

David
    $400 9
the Masons (Freemasons)

Beth
    $400 2
entrée

David
    $800 20
Napster

Beth
    $2,000 14
(Alex: Joe?)
...
(David: Whoa!)
(Alex: Pulled that one out of thin air.)

Venus

Joe
    $800 13
Micronesia

Joe
    $800 5
Liszt

David
    $800 26
Catherine the Great

Joe
    $800 1
an estate

David
    $1200 21
Rent

Joe
    $1200 15
(Joe: What is gas?)
(Alex: Be more specific.)

natural gas

Joe
    $1200 22
(Joe: What is "O"?)

A

Joe
Triple Stumper
    $7,400 6
(David: Who is Schubert?)

Johann Strauss

David
    $1200 25
(Joe: What is Maryland?)

Georgia

DavidJoe
    $1200 3
an entourage

Joe
    $1600 29
Jesse Owens

David
    $1600 16
the Sun's magnetic field

Triple Stumper
    $1600 23
Y

Beth
    $1600 7
Tchaikovsky

Triple Stumper
    $1600 27
Liechtenstein

Joe
    $1600 10
epitome

David
    $2000 30
(John Maynard) Keynes

Beth
    $2000 17
a chrysalis

Joe
    $2000 24
Hokkaido

Joe
    $2000 8
Mahler

David
    $2000 28
the Mackenzie

Beth
    $2000 11
erstwhile

Triple Stumper

Scores at the end of the Double Jeopardy! Round:

David Joe Beth
$7,600 $14,600 $14,200

[wagering suggestions for these scores]

Final Jeopardy! Round responses

20th CENTURY ARTISTS
(Alex: Perhaps the best known of those three great mural painters.)
DavidWho is Diego Rivera?
$7,600
BethWho is Diego Rivera? Picasso
$12,999
JoeWho is Rivera?
$5,500
Diego Rivera

Final scores:

David Joe Beth
$15,200 $20,100 $1,201
2nd place: $2,000 New champion: $20,100 3rd place: $1,000

Game dynamics:

Coryat scores:

David Joe Beth
$15,000 $13,400 $13,000
19 R,
1 W
(including 1 DD)
19 R
(including 1 DD),
2 W
14 R
(including 1 DD),
0 W

Combined Coryat: $41,400

The J! Archive is created by fans, for fans. The Jeopardy! game show and all elements thereof, including but not limited to copyright and trademark thereto, are the property of Jeopardy Productions, Inc. and are protected under law. This website is not affiliated with, sponsored by, or operated by Jeopardy Productions, Inc. Join the discussion at JBoard.tv.